Statystyki dla Wszystkie Nieuznawane Państwa

Kliknij tutaj aby rozwiązać quiz!

Ogólne statystyki

  • Ten quiz został rozwiązany 39 razy
  • Średni wynik to 12 z 46

Statystyki odpowiedzi

Odpowiedź% Poprawnych
Naddniestrze
64%
Tajwan
64%
Osetia południowa
50%
Palestyna
47%
Sahara Zachodnia
47%
Wyspy Owcze
42%
Grenlandia
39%
Somaliland
39%
Brytyjskie Wyspy Dziewicze
31%
Cypr północny
31%
Samoa Amerykańskie
31%
Curacao
28%
Guam
28%
Gujana Francuska
28%
Martynika
28%
Szkocja
28%
Walia
28%
Wyspy Dziewicze
28%
Guernsey
25%
Jersey
25%
Portoryko
25%
Wyspy Cooka
25%
Aruba
22%
Bermudy
22%
Górski Karabach
22%
Hong Kong
22%
Makau
22%
Mariany północne
22%
Gwadelupa
19%
Kajmany
19%
Montserrat
19%
Niue
19%
Tokelau
19%
Turks i Caicos
19%
Anglia
17%
Anguilla
17%
Majotta
17%
Norfolk
17%
Saint Pierre i Miquelon
17%
Nowa Kaledonia
14%
Pitcairn
14%
Wallis i Futuna
14%
Sealand
11%
Wyspa Wielkanocna
8%
Falklady
6%
Liberland
3%

Rozkład punktacji

Percentyl według liczby udzielonych odpowiedzi

Procent ludzi z każdym wynikiem

Twoja historia wyników

Nie rozwiązałeś tego quizu